[Event "Blitz 2018"]
[Site "Saint-Petersburg"]
[Date "2018.12.29"]
[Round "2"]
[Board "34"]
[White "Salem A.R. Saleh (UAE)"]
[Black "Tang Andrew (USA)"]
[Result "1/2-1/2"]
[LiveChessVersion "1.4.8"]
[BlackElo "2501"]
[WhiteElo "2645"]

1. d4 {[%clk 0:03:03]} d5 {[%clk 0:03:02]} 2. c4 {[%clk 0:03:03]} e6
{[%clk 0:03:03]} 3. Nc3 {[%clk 0:03:04]} Be7 {[%clk 0:03:03]} 4. Nf3
{[%clk 0:03:04]} Nf6 {[%clk 0:03:03]} 5. Bg5 {[%clk 0:03:04]} h6 {[%clk 0:03:03]}
6. Bxf6 {[%clk 0:03:04]} Bxf6 {[%clk 0:03:03]} 7. e3 {[%clk 0:03:05]} O-O
{[%clk 0:03:03]} 8. Rc1 {[%clk 0:03:06]} c6 {[%clk 0:02:40]} 9. h4
{[%clk 0:03:06]} g6 {[%clk 0:02:34]} 10. h5 {[%clk 0:03:07]} g5 {[%clk 0:02:35]}
11. Bd3 {[%clk 0:03:07]} Bg7 {[%clk 0:02:33]} 12. Bb1 {[%clk 0:02:46]} dxc4
{[%clk 0:02:18]} 13. Ne5 {[%clk 0:02:29]} c5 {[%clk 0:01:53]} 14. Ne4
{[%clk 0:01:41]} cxd4 {[%clk 0:01:36]} 15. exd4 {[%clk 0:01:41]} Nc6
{[%clk 0:01:19]} 16. Nxc6 {[%clk 0:01:22]} bxc6 {[%clk 0:01:19]} 17. O-O
{[%clk 0:00:25]} Qxd4 {[%clk 0:01:20]} 18. Qa4 {[%clk 0:00:21]} Qxb2
{[%clk 0:00:58]} 19. Rxc4 {[%clk 0:00:20]} a5 {[%clk 0:00:56]} 20. Nc5
{[%clk 0:00:17]} Ba6 {[%clk 0:00:30]} 21. Nxa6 {[%clk 0:00:15]} Rxa6
{[%clk 0:00:31]} 22. Rxc6 {[%clk 0:00:14]} Rxc6 {[%clk 0:00:31]} 23. Qxc6
{[%clk 0:00:15]} Qb4 {[%clk 0:00:25]} 24. Rd1 {[%clk 0:00:13]} Rb8
{[%clk 0:00:25]} 25. Qc2 {[%clk 0:00:11]} Qf4 {[%clk 0:00:25]} 26. Qc5
{[%clk 0:00:10]} a4 {[%clk 0:00:22]} 27. Bc2 {[%clk 0:00:11]} Bf8
{[%clk 0:00:20]} 28. Qc6 {[%clk 0:00:09]} a3 {[%clk 0:00:21]} 29. Bb3
{[%clk 0:00:09]} Bg7 {[%clk 0:00:16]} 30. Rd7 {[%clk 0:00:08]} Bd4
{[%clk 0:00:10]} 31. Qc2 {[%clk 0:00:07]} Kg7 {[%clk 0:00:10]} 32. Bxe6
{[%clk 0:00:06]} Bxf2+ {[%clk 0:00:07]} 33. Kh1 {[%clk 0:00:05]} Qh4+
{[%clk 0:00:07]} 34. Bh3 {[%clk 0:00:06]} Re8 {[%clk 0:00:08]} 35. Rd1
{[%clk 0:00:05]} Qf4 {[%clk 0:00:07]} 36. Qc3+ {[%clk 0:00:06]} Qe5
{[%clk 0:00:08]} 37. Qxa3 {[%clk 0:00:06]} Bc5 {[%clk 0:00:09]} 38. Qd3
{[%clk 0:00:06]} Bb6 {[%clk 0:00:11]} 39. Rf1 {[%clk 0:00:06]} Bc7
{[%clk 0:00:09]} 40. g3 {[%clk 0:00:06]} Qxg3 {[%clk 0:00:08]} 41. Qxg3
{[%clk 0:00:07]} Bxg3 {[%clk 0:00:09]} 42. Bg4 {[%clk 0:00:05]} Re4
{[%clk 0:00:10]} 43. Bf3 {[%clk 0:00:05]} Ra4 {[%clk 0:00:11]} 44. Bd5
{[%clk 0:00:06]} Bf4 {[%clk 0:00:11]} 45. Kg2 {[%clk 0:00:04]} f5
{[%clk 0:00:12]} 46. Bb3 {[%clk 0:00:05]} Re4 {[%clk 0:00:13]} 47. Rd1
{[%clk 0:00:05]} g4 {[%clk 0:00:13]} 48. Rd8 {[%clk 0:00:05]} Kf6
{[%clk 0:00:14]} 49. Rg8 {[%clk 0:00:05]} Re2+ {[%clk 0:00:15]} 50. Kf1
{[%clk 0:00:06]} Rb2 {[%clk 0:00:16]} 51. Rf8+ {[%clk 0:00:07]} Kg5
{[%clk 0:00:16]} 52. Be6 {[%clk 0:00:08]} Rb5 {[%clk 0:00:17]} 53. a4
{[%clk 0:00:09]} Re5 {[%clk 0:00:19]} 54. Bd7 {[%clk 0:00:08]} Bd2
{[%clk 0:00:19]} 55. Rd8 {[%clk 0:00:05]} Ba5 {[%clk 0:00:20]} 56. Rf8
{[%clk 0:00:06]} Rd5 {[%clk 0:00:19]} 57. Be6 {[%clk 0:00:06]} Re5
{[%clk 0:00:18]} 58. Bd7 {[%clk 0:00:08]} Bb4 {[%clk 0:00:19]} 59. Rf7
{[%clk 0:00:08]} Bc3 {[%clk 0:00:19]} 60. Rf8 {[%clk 0:00:09]} Rd5
{[%clk 0:00:19]} 61. Be6 {[%clk 0:00:10]} Rc5 {[%clk 0:00:18]} 62. Bd7
{[%clk 0:00:11]} Bd2 {[%clk 0:00:14]} 63. Rf7 {[%clk 0:00:11]} Be3
{[%clk 0:00:13]} 64. Ke2 {[%clk 0:00:10]} Bd4 {[%clk 0:00:14]} 65. Rf8
{[%clk 0:00:06]} Bg7 {[%clk 0:00:13]} 66. Rf7 {[%clk 0:00:06]} Bb2
{[%clk 0:00:13]} 67. Rf8 {[%clk 0:00:07]} Rd5 {[%clk 0:00:14]} 68. Bc8
{[%clk 0:00:08]} g3 {[%clk 0:00:12]} 69. Kf3 {[%clk 0:00:06]} Rd3+
{[%clk 0:00:10]} 70. Kg2 {[%clk 0:00:07]} Rd2+ {[%clk 0:00:06]} 71. Kxg3
{[%clk 0:00:07]} Kxh5 {[%clk 0:00:05]} 72. Rxf5+ {[%clk 0:00:08]} Kg6
{[%clk 0:00:06]} 73. Rb5 {[%clk 0:00:09]} Bd4 {[%clk 0:00:06]} 74. a5
{[%clk 0:00:09]} Ra2 {[%clk 0:00:05]} 75. a6 {[%clk 0:00:10]} Ra3+
{[%clk 0:00:06]} 76. Kf4 {[%clk 0:00:11]} Kf6 {[%clk 0:00:07]} 77. Ke4
{[%clk 0:00:12]} Bg1 {[%clk 0:00:07]} 78. Rb1 {[%clk 0:00:11]} Bc5
{[%clk 0:00:07]} 79. Rc1 {[%clk 0:00:12]} Ba7 {[%clk 0:00:08]} 80. Rc7
{[%clk 0:00:10]} Bg1 {[%clk 0:00:08]} 81. Rc6+ {[%clk 0:00:07]} Kg5
{[%clk 0:00:08]} 82. Rc1 {[%clk 0:00:08]} Bf2 {[%clk 0:00:08]} 83. Rc2
{[%clk 0:00:08]} Bb6 {[%clk 0:00:08]} 84. Rb2 {[%clk 0:00:08]} Ba7
{[%clk 0:00:08]} 85. Rb7 {[%clk 0:00:06]} Bf2 {[%clk 0:00:07]} 86. Rb5+
{[%clk 0:00:07]} Kg6 {[%clk 0:00:08]} 87. Rb2 {[%clk 0:00:07]} Bc5
{[%clk 0:00:08]} 88. Kd5 {[%clk 0:00:07]} Be3 {[%clk 0:00:09]} 89. Ke4
{[%clk 0:00:06]} Kg5 {[%clk 0:00:09]} 90. Rb5+ {[%clk 0:00:06]} 1/2-1/2

[Event "Blitz 2018"]
[Site "Saint-Petersburg"]
[Date "2018.12.29"]
[Round "2"]
[Board "35"]
[White "Tissir Mohamed (MAR)"]
[Black "Indjic Aleksandar (SRB)"]
[Result "0-1"]
[LiveChessVersion "1.4.8"]
[BlackElo "2643"]
[WhiteElo "2381"]

1. e4 {[%clk 0:03:02]} e5 {[%clk 0:03:02]} 2. Nf3 {[%clk 0:03:03]} Nc6
{[%clk 0:03:02]} 3. Bc4 {[%clk 0:03:04]} Nf6 {[%clk 0:03:03]} 4. d3
{[%clk 0:03:05]} h6 {[%clk 0:03:03]} 5. O-O {[%clk 0:03:04]} d6 {[%clk 0:03:05]}
6. c3 {[%clk 0:03:02]} g5 {[%clk 0:03:06]} 7. Bb3 {[%clk 0:02:56]} Bg7
{[%clk 0:02:56]} 8. Nbd2 {[%clk 0:02:50]} O-O {[%clk 0:02:55]} 9. Nc4
{[%clk 0:02:52]} Be6 {[%clk 0:02:44]} 10. Ne3 {[%clk 0:02:52]} d5
{[%clk 0:02:41]} 11. exd5 {[%clk 0:02:25]} Nxd5 {[%clk 0:02:42]} 12. Bxd5
{[%clk 0:02:26]} Bxd5 13. Nf5 Qf6 {[%clk 0:02:38]} 14. Nxg7 {[%clk 0:02:28]} Kxg7
{[%clk 0:02:30]} 15. Nd2 {[%clk 0:02:28]} Rad8 {[%clk 0:02:31]} 16. Qe2
{[%clk 0:02:28]} Qg6 {[%clk 0:02:31]} 17. a4 {[%clk 0:02:05]} Rfe8
{[%clk 0:02:29]} 18. a5 {[%clk 0:02:06]} a6 {[%clk 0:02:30]} 19. Ne4
{[%clk 0:01:28]} Ne7 {[%clk 0:01:56]} 20. b4 {[%clk 0:00:37]} Bc6
{[%clk 0:01:55]} 21. c4 {[%clk 0:00:28]} Nf5 {[%clk 0:01:55]} 22. Bb2
{[%clk 0:00:29]} Nd4 {[%clk 0:01:55]} 23. Bxd4 {[%clk 0:00:27]} Rxd4
{[%clk 0:01:56]} 24. Ra3 {[%clk 0:00:16]} Bxe4 {[%clk 0:01:50]} 25. dxe4
{[%clk 0:00:16]} Qxe4 {[%clk 0:01:46]} 26. Re3 {[%clk 0:00:16]} Qf5
{[%clk 0:01:47]} 27. b5 {[%clk 0:00:15]} Re6 {[%clk 0:01:31]} 28. h3
{[%clk 0:00:14]} e4 {[%clk 0:01:25]} 29. Re1 {[%clk 0:00:14]} Qc5
{[%clk 0:01:16]} 30. Qb2 {[%clk 0:00:14]} f6 {[%clk 0:01:03]} 31. bxa6
{[%clk 0:00:15]} bxa6 {[%clk 0:01:04]} 32. Qb8 {[%clk 0:00:14]} Qxa5
{[%clk 0:00:56]} 33. Rb1 {[%clk 0:00:12]} Qe5 {[%clk 0:00:49]} 34. g3
{[%clk 0:00:11]} Re8 {[%clk 0:00:50]} 35. Qa7 {[%clk 0:00:12]} Re7
{[%clk 0:00:37]} 36. Qxa6 {[%clk 0:00:12]} Rd3 {[%clk 0:00:36]} 37. Rb5
{[%clk 0:00:13]} Qe6 {[%clk 0:00:13]} 38. Qa7 {[%clk 0:00:11]} Rxe3
{[%clk 0:00:13]} 39. Qxe3 {[%clk 0:00:12]} Qxh3 {[%clk 0:00:14]} 40. Rb7
{[%clk 0:00:10]} Rd7 {[%clk 0:00:15]} 41. Rb1 {[%clk 0:00:09]} Qe6
{[%clk 0:00:15]} 42. Rc1 {[%clk 0:00:06]} f5 {[%clk 0:00:15]} 43. Qc3+
{[%clk 0:00:05]} Kg6 {[%clk 0:00:17]} 44. Ra1 {[%clk 0:00:05]} Rd3
{[%clk 0:00:16]} 45. Qb4 {[%clk 0:00:06]} e3 {[%clk 0:00:15]} 46. Rf1
{[%clk 0:00:04]} e2 {[%clk 0:00:15]} 47. Re1 {[%clk 0:00:05]} Rd1
{[%clk 0:00:16]} 48. Qc3 {[%clk 0:00:05]} Rxe1+ 49. Qxe1 {[%clk 0:00:06]} Qxc4
{[%clk 0:00:16]} 50. Qa1 {[%clk 0:00:07]} Qe6 {[%clk 0:00:17]} 51. Qe1
{[%clk 0:00:08]} c5 {[%clk 0:00:18]} 52. Kh2 c4 0-1

[Event "Blitz 2018"]
[Site "Saint-Petersburg"]
[Date "2018.12.29"]
[Round "2"]
[Board "36"]
[White "Maghsoodloo Parham (IRI)"]
[Black "Vastrukhin Oleg (RUS)"]
[Result "1-0"]
[LiveChessVersion "1.4.8"]
[BlackElo "2488"]
[WhiteElo "2642"]

1. c4 {[%clk 0:03:03]} g6 {[%clk 0:03:03]} 2. g3 {[%clk 0:03:03]} Bg7
{[%clk 0:03:04]} 3. Bg2 {[%clk 0:03:04]} c5 {[%clk 0:03:05]} 4. Nc3
{[%clk 0:03:03]} Nc6 {[%clk 0:03:06]} 5. a3 {[%clk 0:03:05]} d6 {[%clk 0:03:01]}
6. Rb1 {[%clk 0:02:59]} e6 {[%clk 0:02:30]} 7. b4 {[%clk 0:02:40]} Nge7
{[%clk 0:02:30]} 8. Nf3 {[%clk 0:02:26]} O-O {[%clk 0:02:30]} 9. O-O
{[%clk 0:02:26]} b6 {[%clk 0:02:28]} 10. e3 {[%clk 0:02:16]} Bb7 {[%clk 0:02:23]}
11. d4 {[%clk 0:02:11]} cxd4 {[%clk 0:02:23]} 12. exd4 {[%clk 0:02:11]} Nf5
{[%clk 0:02:24]} 13. Ne2 {[%clk 0:02:11]} Rc8 {[%clk 0:02:17]} 14. Bb2
{[%clk 0:02:11]} h6 {[%clk 0:02:12]} 15. Qd2 {[%clk 0:02:06]} Qd7
{[%clk 0:01:54]} 16. Rfd1 {[%clk 0:02:05]} g5 {[%clk 0:01:55]} 17. h3
{[%clk 0:01:58]} Nce7 {[%clk 0:01:44]} 18. Rbc1 {[%clk 0:01:41]} Ng6
{[%clk 0:01:45]} 19. d5 {[%clk 0:01:34]} Bxb2 {[%clk 0:01:22]} 20. Qxb2
{[%clk 0:01:35]} e5 {[%clk 0:01:19]} 21. Nd2 {[%clk 0:01:08]} Nfe7
{[%clk 0:01:05]} 22. c5 {[%clk 0:00:33]} Bxd5 {[%clk 0:00:14]} 23. Bxd5
{[%clk 0:00:14]} Nxd5 {[%clk 0:00:15]} 24. Ne4 {[%clk 0:00:15]} Qb7
{[%clk 0:00:07]} 25. Rxd5 {[%clk 0:00:10]} f5 26. Qb3 {[%clk 0:00:04]} fxe4
{[%clk 0:00:07]} 27. Rxd6+ {[%clk 0:00:05]} Kg7 {[%clk 0:00:04]} 28. c6
{[%clk 0:00:06]} Qa6 {[%clk 0:00:04]} 29. Rd7+ {[%clk 0:00:07]} Kh8
{[%clk 0:00:04]} 30. b5 {[%clk 0:00:07]} Qa5 {[%clk 0:00:05]} 31. Qe6
{[%clk 0:00:08]} Qd2 {[%clk 0:00:03]} 32. Qxg6 {[%clk 0:00:09]} 1-0

[Event "Blitz 2018"]
[Site "Saint-Petersburg"]
[Date "2018.12.29"]
[Round "2"]
[Board "37"]
[White "Oganian Miran (RUS)"]
[Black "Oparin Grigoriy (RUS)"]
[Result "1/2-1/2"]
[LiveChessVersion "1.4.8"]
[BlackElo "2641"]
[WhiteElo "2326"]

1. d4 {[%clk 0:03:03]} Nf6 {[%clk 0:03:03]} 2. c4 {[%clk 0:03:04]} e6
{[%clk 0:03:03]} 3. g3 {[%clk 0:03:05]} d5 {[%clk 0:03:04]} 4. Nf3
{[%clk 0:03:06]} Bb4+ {[%clk 0:03:05]} 5. Bd2 {[%clk 0:03:07]} Be7
{[%clk 0:03:05]} 6. Bg2 {[%clk 0:03:08]} O-O {[%clk 0:03:06]} 7. O-O
{[%clk 0:03:08]} c6 {[%clk 0:03:06]} 8. Qc2 {[%clk 0:03:09]} Nbd7
{[%clk 0:03:05]} 9. Rd1 {[%clk 0:03:10]} Ne4 {[%clk 0:03:02]} 10. Be1
{[%clk 0:02:51]} f5 {[%clk 0:03:02]} 11. e3 {[%clk 0:02:21]} Bd6 {[%clk 0:02:47]}
12. Nc3 {[%clk 0:02:18]} Ndf6 {[%clk 0:02:47]} 13. Ne2 {[%clk 0:02:14]} g5
{[%clk 0:02:41]} 14. Ne5 {[%clk 0:02:12]} Nd7 {[%clk 0:02:33]} 15. Nd3
{[%clk 0:01:54]} Qe7 {[%clk 0:02:33]} 16. b4 {[%clk 0:01:50]} a6 {[%clk 0:02:00]}
17. a4 {[%clk 0:01:48]} h5 {[%clk 0:01:49]} 18. b5 {[%clk 0:01:48]} axb5
{[%clk 0:01:50]} 19. axb5 {[%clk 0:01:48]} Rxa1 {[%clk 0:01:50]} 20. Rxa1
{[%clk 0:01:49]} h4 {[%clk 0:01:51]} 21. cxd5 {[%clk 0:01:10]} cxd5
{[%clk 0:01:49]} 22. Ra8 {[%clk 0:01:10]} Nb6 {[%clk 0:01:46]} 23. Ra7
{[%clk 0:01:09]} hxg3 {[%clk 0:01:34]} 24. hxg3 {[%clk 0:01:09]} Qd7
{[%clk 0:01:22]} 25. Qb3 {[%clk 0:00:53]} Nc4 {[%clk 0:01:20]} 26. Ra8
{[%clk 0:00:42]} b6 {[%clk 0:01:15]} 27. Nc3 {[%clk 0:00:30]} Qb7
{[%clk 0:00:59]} 28. Ra1 {[%clk 0:00:29]} Bd7 {[%clk 0:01:00]} 29. Nb2
{[%clk 0:00:13]} Nxb2 {[%clk 0:00:51]} 30. Qxb2 {[%clk 0:00:14]} Ra8
{[%clk 0:00:49]} 31. Rxa8+ {[%clk 0:00:08]} Qxa8 {[%clk 0:00:49]} 32. Nxe4
{[%clk 0:00:07]} dxe4 {[%clk 0:00:50]} 33. Bb4 {[%clk 0:00:04]} Qd5
{[%clk 0:00:42]} 34. Bxd6 {[%clk 0:00:04]} Qxd6 {[%clk 0:00:42]} 35. Bf1
{[%clk 0:00:05]} Kf7 {[%clk 0:00:34]} 36. Qc3 {[%clk 0:00:07]} f4
{[%clk 0:00:31]} 37. exf4 {[%clk 0:00:06]} gxf4 {[%clk 0:00:32]} 38. gxf4
{[%clk 0:00:07]} Qxf4 {[%clk 0:00:32]} 39. Qg3 {[%clk 0:00:05]} Qf5
{[%clk 0:00:28]} 40. Qc7 {[%clk 0:00:05]} Ke7 {[%clk 0:00:23]} 41. Qxb6
{[%clk 0:00:05]} Qg5+ {[%clk 0:00:20]} 42. Bg2 {[%clk 0:00:05]} e3
{[%clk 0:00:21]} 43. fxe3 {[%clk 0:00:03]} Qxe3+ {[%clk 0:00:21]} 44. Kh2
{[%clk 0:00:05]} Qf4+ {[%clk 0:00:15]} 45. Kg1 {[%clk 0:00:06]} Qc1+
{[%clk 0:00:08]} 46. Kh2 {[%clk 0:00:07]} Qf4+ {[%clk 0:00:08]} 47. Kg1
{[%clk 0:00:08]} Kf7 {[%clk 0:00:06]} 48. Qc5 {[%clk 0:00:07]} Qe3+
{[%clk 0:00:06]} 49. Kh2 {[%clk 0:00:07]} Qf4+ {[%clk 0:00:07]} 50. Kg1
{[%clk 0:00:09]} Qe3+ {[%clk 0:00:08]} 51. Kh2 {[%clk 0:00:08]} Qf4+
{[%clk 0:00:08]} 52. Kg1 {[%clk 0:00:09]} 1/2-1/2

[Event "Blitz 2018"]
[Site "Saint-Petersburg"]
[Date "2018.12.29"]
[Round "2"]
[Board "38"]
[White "Kabanov Nikolai (RUS)"]
[Black "Savchenko Boris (RUS)"]
[Result "0-1"]
[LiveChessVersion "1.4.8"]
[BlackElo "2639"]
[WhiteElo "2311"]

1. e4 {[%clk 0:03:02]} e6 {[%clk 0:03:02]} 2. d4 {[%clk 0:03:03]} d5
{[%clk 0:03:03]} 3. Bd3 {[%clk 0:03:03]} dxe4 {[%clk 0:03:03]} 4. Bxe4
{[%clk 0:03:04]} Nf6 {[%clk 0:03:03]} 5. Bf3 {[%clk 0:03:04]} Nbd7
{[%clk 0:03:02]} 6. Ne2 {[%clk 0:03:02]} Bd6 {[%clk 0:03:03]} 7. O-O
{[%clk 0:02:44]} e5 {[%clk 0:03:00]} 8. Ng3 {[%clk 0:02:08]} O-O {[%clk 0:02:58]}
9. Nc3 {[%clk 0:01:28]} exd4 {[%clk 0:02:50]} 10. Nb5 {[%clk 0:01:15]} Ne5
{[%clk 0:02:21]} 11. Nxd4 {[%clk 0:01:07]} Nxf3+ {[%clk 0:02:10]} 12. Nxf3
{[%clk 0:01:07]} h6 {[%clk 0:02:11]} 13. b3 {[%clk 0:00:50]} Re8 {[%clk 0:01:44]}
14. Bb2 {[%clk 0:00:50]} c6 {[%clk 0:01:13]} 15. Re1 {[%clk 0:00:31]} Bg4
{[%clk 0:00:54]} 16. Rxe8+ {[%clk 0:00:25]} Nxe8 {[%clk 0:00:53]} 17. h3
{[%clk 0:00:23]} Be6 {[%clk 0:00:47]} 18. Nd4 {[%clk 0:00:18]} Be5
{[%clk 0:00:45]} 19. Nxe6 {[%clk 0:00:11]} Qxd1+ {[%clk 0:00:46]} 20. Rxd1
{[%clk 0:00:12]} Bxb2 {[%clk 0:00:46]} 21. Nc5 {[%clk 0:00:13]} b6
{[%clk 0:00:45]} 22. Nce4 {[%clk 0:00:12]} g6 {[%clk 0:00:43]} 23. Rd7
{[%clk 0:00:09]} Be5 {[%clk 0:00:43]} 24. Kf1 {[%clk 0:00:09]} a5
{[%clk 0:00:40]} 25. a4 {[%clk 0:00:10]} Rc8 {[%clk 0:00:38]} 26. Nd2
{[%clk 0:00:10]} Rc7 {[%clk 0:00:37]} 27. Rxc7 {[%clk 0:00:11]} Bxc7
{[%clk 0:00:37]} 28. Nge4 {[%clk 0:00:12]} Kf8 {[%clk 0:00:37]} 29. Ke2
{[%clk 0:00:13]} Ke7 {[%clk 0:00:38]} 30. Kd3 {[%clk 0:00:14]} Ng7
{[%clk 0:00:38]} 31. g4 {[%clk 0:00:15]} Ne6 {[%clk 0:00:39]} 32. Ke3
{[%clk 0:00:13]} Nf4 {[%clk 0:00:38]} 33. Kf3 {[%clk 0:00:00]} Nxh3
{[%clk 0:00:38]} 34. Nc4 {[%clk 0:00:00]} 0-1

[Event "Blitz 2018"]
[Site "Saint-Petersburg"]
[Date "2018.12.29"]
[Round "2"]
[Board "39"]
[White "Christiansen Johan-Sebastian (NOR)"]
[Black "Apryshko Gleb (RUS)"]
[Result "1-0"]
[LiveChessVersion "1.4.8"]
[BlackElo "2416"]
[WhiteElo "2635"]

1. e4 {[%clk 0:03:03]} g6 {[%clk 0:03:04]} 2. d4 {[%clk 0:03:05]} Bg7 3. Nc3 a6
{[%clk 0:03:06]} 4. Nf3 {[%clk 0:03:03]} d6 {[%clk 0:03:08]} 5. a4
{[%clk 0:03:03]} b6 {[%clk 0:03:09]} 6. h3 {[%clk 0:02:53]} Nd7 {[%clk 0:03:07]}
7. Bd3 {[%clk 0:02:51]} e6 {[%clk 0:03:07]} 8. O-O {[%clk 0:02:51]} Ne7
{[%clk 0:03:09]} 9. Re1 {[%clk 0:02:51]} Bb7 {[%clk 0:03:02]} 10. Be3
{[%clk 0:02:48]} h6 {[%clk 0:03:03]} 11. Qd2 {[%clk 0:02:45]} g5 {[%clk 0:02:44]}
12. Ne2 {[%clk 0:02:42]} Nf6 {[%clk 0:02:45]} 13. Ng3 {[%clk 0:02:41]} d5
{[%clk 0:02:31]} 14. e5 {[%clk 0:01:57]} Ne4 {[%clk 0:02:32]} 15. Bxe4
{[%clk 0:01:52]} dxe4 {[%clk 0:02:33]} 16. Nh2 {[%clk 0:01:52]} Nf5
{[%clk 0:01:32]} 17. Nh5 {[%clk 0:01:53]} O-O {[%clk 0:00:17]} 18. Ng4
{[%clk 0:01:54]} f6 {[%clk 0:00:05]} 19. exf6 {[%clk 0:01:12]} Bxf6
{[%clk 0:00:06]} 20. Ngxf6+ {[%clk 0:01:07]} Rxf6 {[%clk 0:00:07]} 21. Nxf6+
{[%clk 0:00:50]} Qxf6 {[%clk 0:00:09]} 22. Rad1 {[%clk 0:00:41]} Rd8
{[%clk 0:00:10]} 23. c4 {[%clk 0:00:42]} a5 {[%clk 0:00:05]} 24. b4
{[%clk 0:00:42]} axb4 {[%clk 0:00:05]} 25. Qxb4 {[%clk 0:00:43]} Ba8
{[%clk 0:00:04]} 26. a5 {[%clk 0:00:43]} bxa5 {[%clk 0:00:05]} 27. Qxa5
{[%clk 0:00:44]} Qg7 {[%clk 0:00:06]} 28. d5 {[%clk 0:00:37]} exd5
{[%clk 0:00:06]} 29. cxd5 {[%clk 0:00:37]} g4 {[%clk 0:00:07]} 30. hxg4
{[%clk 0:00:33]} Nh4 {[%clk 0:00:04]} 31. Qa6 {[%clk 0:00:20]} Kh8
{[%clk 0:00:03]} 32. Qxh6+ {[%clk 0:00:19]} Qxh6 {[%clk 0:00:04]} 33. Bxh6
{[%clk 0:00:20]} Rg8 {[%clk 0:00:03]} 34. g5 {[%clk 0:00:18]} Re8
{[%clk 0:00:03]} 35. Rd4 {[%clk 0:00:14]} Nf5 {[%clk 0:00:03]} 36. Rdxe4
{[%clk 0:00:14]} 1-0

[Event "Blitz 2018"]
[Site "Saint-Petersburg"]
[Date "2018.12.29"]
[Round "2"]
[Board "40"]
[White "Gurvich Vitaly (RUS)"]
[Black "Alekseev Evgeny (RUS)"]
[Result "0-1"]
[LiveChessVersion "1.4.8"]
[BlackElo "2634"]
[WhiteElo "2302"]

1. d4 {[%clk 0:03:03]} Nf6 {[%clk 0:03:03]} 2. c4 {[%clk 0:03:03]} e6
{[%clk 0:03:04]} 3. Nf3 {[%clk 0:03:04]} d5 {[%clk 0:03:05]} 4. Bg5
{[%clk 0:03:02]} Bb4+ {[%clk 0:03:06]} 5. Bd2 {[%clk 0:02:59]} Be7
{[%clk 0:02:59]} 6. Nc3 {[%clk 0:02:58]} O-O {[%clk 0:02:48]} 7. Bg5
{[%clk 0:02:54]} h6 {[%clk 0:02:23]} 8. Bxf6 {[%clk 0:02:35]} Bxf6
{[%clk 0:02:24]} 9. e3 {[%clk 0:02:36]} c6 {[%clk 0:01:52]} 10. Bd3
{[%clk 0:02:34]} Nd7 {[%clk 0:01:52]} 11. cxd5 {[%clk 0:02:34]} exd5
{[%clk 0:01:52]} 12. h4 {[%clk 0:01:53]} Nb6 {[%clk 0:01:42]} 13. Bc2
{[%clk 0:01:49]} Re8 {[%clk 0:01:31]} 14. Qd3 {[%clk 0:01:43]} g6
{[%clk 0:01:22]} 15. h5 {[%clk 0:01:37]} Bf5 {[%clk 0:01:23]} 16. Qd1
{[%clk 0:01:38]} Bxc2 {[%clk 0:01:24]} 17. Qxc2 {[%clk 0:01:38]} g5
{[%clk 0:01:25]} 18. O-O-O {[%clk 0:01:29]} Bg7 {[%clk 0:01:17]} 19. g4
{[%clk 0:00:53]} Nc4 {[%clk 0:01:10]} 20. b3 {[%clk 0:00:48]} Nd6
{[%clk 0:01:09]} 21. Kb1 {[%clk 0:00:39]} Qd7 {[%clk 0:01:01]} 22. Rhg1
{[%clk 0:00:40]} Re7 {[%clk 0:00:56]} 23. Nh2 {[%clk 0:00:18]} Rf8
{[%clk 0:00:52]} 24. Rde1 {[%clk 0:00:13]} f5 {[%clk 0:00:49]} 25. gxf5
{[%clk 0:00:13]} Qxf5 {[%clk 0:00:46]} 26. Qxf5 {[%clk 0:00:13]} Nxf5
{[%clk 0:00:45]} 27. Ng4 {[%clk 0:00:11]} Kh7 {[%clk 0:00:40]} 28. Kc2
{[%clk 0:00:09]} Nh4 {[%clk 0:00:39]} 29. Rd1 {[%clk 0:00:06]} Nf5
{[%clk 0:00:32]} 30. Rde1 {[%clk 0:00:06]} Nd6 {[%clk 0:00:33]} 31. Rd1
{[%clk 0:00:04]} Rfe8 {[%clk 0:00:34]} 32. Rc1 {[%clk 0:00:03]} Rf7
{[%clk 0:00:33]} 33. Rcd1 {[%clk 0:00:04]} Rf3 {[%clk 0:00:29]} 34. Rd2
{[%clk 0:00:04]} Re7 {[%clk 0:00:26]} 35. Kd1 {[%clk 0:00:04]} Rf8
{[%clk 0:00:24]} 36. Kc2 {[%clk 0:00:04]} Ne8 {[%clk 0:00:19]} 37. Kd1
{[%clk 0:00:04]} Rf5 {[%clk 0:00:18]} 38. Kc2 {[%clk 0:00:04]} Nf6
{[%clk 0:00:17]} 39. Nxf6+ {[%clk 0:00:04]} Rxf6 {[%clk 0:00:17]} 40. Kd3
{[%clk 0:00:04]} Ref7 {[%clk 0:00:18]} 41. Rg2 {[%clk 0:00:05]} Rf3
{[%clk 0:00:19]} 42. b4 {[%clk 0:00:04]} Rh3 {[%clk 0:00:16]} 43. b5
{[%clk 0:00:04]} Rxh5 {[%clk 0:00:14]} 44. bxc6 {[%clk 0:00:05]} bxc6
{[%clk 0:00:15]} 45. Rc2 {[%clk 0:00:06]} Rh1 {[%clk 0:00:12]} 46. Na4
{[%clk 0:00:04]} Rf6 {[%clk 0:00:11]} 47. Rc5 {[%clk 0:00:03]} Ra1
{[%clk 0:00:08]} 48. Nc3 {[%clk 0:00:04]} Rf1 {[%clk 0:00:05]} 49. Ke2
{[%clk 0:00:06]} Rc1 {[%clk 0:00:04]} 50. Kd2 {[%clk 0:00:06]} Ra1
{[%clk 0:00:05]} 51. Ra5 {[%clk 0:00:06]} Rf7 {[%clk 0:00:06]} 52. Ra6
{[%clk 0:00:06]} Rc7 {[%clk 0:00:07]} 53. Kd3 {[%clk 0:00:04]} Bf8
{[%clk 0:00:08]} 54. f3 {[%clk 0:00:04]} Rf1 {[%clk 0:00:07]} 55. Ke2
{[%clk 0:00:04]} Rh1 {[%clk 0:00:08]} 56. e4 {[%clk 0:00:04]} Bb4
{[%clk 0:00:08]} 57. Nd1 {[%clk 0:00:03]} Re1+ {[%clk 0:00:07]} 58. Kd3
{[%clk 0:00:04]} Rxd1+ {[%clk 0:00:08]} 59. Kc2 {[%clk 0:00:06]} Rf1
{[%clk 0:00:09]} 60. Kb3 {[%clk 0:00:05]} Bf8 {[%clk 0:00:08]} 61. e5
{[%clk 0:00:04]} Rxf3+ {[%clk 0:00:09]} 62. Kc2 {[%clk 0:00:05]} c5
{[%clk 0:00:10]} 0-1